Sports Quiz

Random Sports Quiz

Jazz players with 2 stints Quiz Stats

 Plays Quiz not verified by Sporcle

Support Sporcle.
Go Orange.
Score 0/13 Timer 05:00
0 Plays Today
Utah Jazz Player % Correct
Raja Bell
87.5%
Greg Ostertag
73.4%
Thurl Bailey
62.5%
Howard Eisley
51.6%
Blue Edwards
37.5%
David Benoit
34.4%
Stephen Howard
29.7%
John Crotty
18.8%
James Donaldson
6.3%
Rich Kelley
6.3%
Kenny Natt
3.1%
Andy Toolson
1.6%
Tom Boswell
0%

You're not logged in!

Compare scores with friends on all Sporcle quizzes.
OR
Log In

From the Vault

Begins with 'BAR'

by DeaconEcon

Because everything fun begins at the bar.
Remove Ads.
Support Sporcle.
Get the best of Sporcle when you Go Orange. This ad-free experience offers more features, more stats, and more fun while also helping to support Sporcle. Thank you for becoming a member.

Show Comments

Extras

Created Mar 3, 2011ReportNominate
Tags:Jazz, Player, stint, utah

Top Quizzes Today


Score Distribution

Your Account Isn't Verified!

In order to create a playlist on Sporcle, you need to verify the email address you used during registration. Go to your Sporcle Settings to finish the process.

Report this User

Report this user for behavior that violates our Community Guidelines.

Details: